Представление документа в формате MARC21

Поле Инд. ПП Название Значение
Тип записи a
Библиографический уровень m
001 Контрольный номер 7e66cb77-1462-4ae3-87d5-a45aa0b5801e
005 Дата корректировки 20140226142344.3
008 Кодируемые данные 010511 d
020 a ISBN 5-225-00767-8
c Цена, тираж 16320.00
040 a Служба первич. каталог. НБ ТвГУ
041 a Код языка текста rus
080 a Индекс УДК 615.825.1
084 a Индекс другой классификации/Индекс ББК Ч516.914
a Индекс другой классификации/Индекс ББК Р354.1
090 x Авторский знак З-91
a Полочн. индекс Ч516.9
100 1_ a Автор Зубков Анатолий Николаевич
245 00 a Заглавие Хатха-йога для начинающих
c Ответственность А. Н. Зубков, А. П. Очаповский
260 0_ a Место издания Москва
b Издательство Медицина
c Дата издания 1991
300 a Объем 191,[1] c.
b Иллюстрации/ тип воспроизводства ил.
583 a Действие Получение впервые 354 10.11.97
k Исполнитель действия Дар Иванова В.В. и Лобановой Т.Д.
650 a Основная рубрика Йогов система физической культуры
653 a Ключевые слова Йога
a Ключевые слова Йогов система
a Ключевые слова Хатха-йога
700 1_ a Другие авторы Очаповский Александр Петрович
e Роль лиц авт.
852 t Порядковый номер экземпляра 3
p Инвентарный номер 689257
p Инвентарный номер 621354
p Инвентарный номер 621355
888 a Бесплатные
930 a Новая/Ретро Популярная
952 p 354 16320.00 1 689257
c Вид литературы К рн
954 a Дата поступления на обработку 18.11.97
999 a Подразделение 2 Фил3